000 00683nam a2200169Ia 4500
008 100122s9999 xx 000 0 und d
082 _b77792
_a823
100 _aस्मिथ अलेक्झांडर मॅक्काल
245 _aद नंबर वन लेडिज डिटेक्टिव्ह एजन्सी
250 _a1
260 _c2009
300 _a226
630 _aद नंबर वन लेडिज डिटेक्टिव्ह एजन्सी
700 _aचांदोरकर नीला
730 _aद नंबर वन लेडिज डिटेक्टिव्ह एजन्सी
942 _cBOOK
999 _c395190
_d395187